000 03067nam a2200349 i 4500
001 000027817
003 DO-SdBNP
005 20240528085746.0
006 a||||gr|||| 00| 0
007 ta
008 110405e2010 dr ad s000 0 spa d
020 _a9789945470055
040 _aDO-SdBNP
_bspa
_cBNPHU
_erda
082 4 _222
_bS4717in, 2010
111 1 _aSeminario internacional : Una Década de Cuota Femenina en América Latina.
_n(1er. :
_d2008:
_cSanto Domingo, República Dominicana)
_985565
_jautor
245 1 0 _aSeminario internacional :
_bUna década de cuota femenina en América Latina /
_cNurys Paulino, editora.
246 1 4 _aSeminario internacional :
_bUna década de cuota femenina en América Latina, balance y perspectivas para la participación política de la mujer.
250 _a2a. edición
264 _a[Santo Domingo] :
_bJunta Central Electoral,
_c2010
300 _a272 páginas :
_bilustraciones, gráficas ;
_c28 cm.
336 _2rdacontent
_atexto
_btxt
337 _2rdamedia
_asin mediación
_bn
338 _2rdacarrier
_avolumen
_bnc
500 _aIncluye datos biográficos, páginas 269 - 272.
500 _aIncluye bibliografía y notas al pie de páginas.
505 _aIntroducción.
_gMujer y Política en Uruguay :
_tConvicciones y Estrategias Políticas en Trámites del Proyecto de Ley de Cuotas de Géneros en Senado /
_rAdolfo Garcé.--
_gPaerticipación Política de laMujer en República Dominicana:
_tBalance y Recomendaciones /
_rAgne Berenice Contreras.--
_gCuotas en Estados Subnacionales:
_tBajo California Sur, Coahuila, Colima, Durango, Guerrero, Jalisco y Nayarit /
_rLourdes C. Pacheco Ladrón de Guevara.--
_gSistemas Electorales, Leyes de Cuotas y Cultura Política:
_tFactor que Promueven y Limitan la Representación de las Mujeres /
_rMaría Inés Tula.--
_gFinanciamiento y Campaña:
_tEquidad de Género en los Sistemas Electorales en América Latina /
_rDelia M. Ferreira.--
_gEl Proceso Electoral en el Espacio de las Mujeres:
_tLos Duros Tiempos del Financiamiento de las Campañas:
_rGloria Young,--
505 _aEl Sistema de Cuotas en México:
_tUn Instrumento para Incrementar la Participación de la Mujer en el Congreso de la Unión /
_rM. en E. Reyes Tépach Marcial.--
_gDel Dicho alHecho:
_tManual de Buenas Prácticas para la Participación de Mujere en los Partidos Políticos Latinoamericanos /
_rBeatriz Llanos.--
_gBalance de una Década:
_tEl Impacto de la Cuota Femenina en la Representación /
_rNelsen Pérez.--
_gBalance de una Década:
_tEl Impacto de la Cuota Femenina en la Representación /
_rLlana Newman.--
_gFinanciamiento Político y Perspectiva del Género /
_rAna Isabela García Quesada.--
_gMás Allá de la Cuota: Medidas Alternativas y Complementarias /
_t"Parlamenta": Una Experiencia del Uruguay /
_rDra. Niki Johnson.--
_gAcciones Alterntivas o Complementarias a la Cuota Femenina:
_rRosanna Andía.--
_tBiografías.
590 _aInventariado 2024 / MF
700 1 _aPaulino, Nurys,
_922136
_eeditor
710 1 _aRepública Dominicana.
_bJunta Central Electoral
_964605
942 _2ddc
_cLBS1
999 _c27309
_d27309